1618 1525 1008 1423 1638 1370 1788 1474 1975 1456 1265 1144 1574 1400 1837 1853 1731 1528 1232 1807 1385 1195 1221 1800 1349 1799 1516 1338 1992 1537 1329 1283 1767 1799 1763 1868 1783 1320 1732 1200 1375 1696 1942 1981 1772 1762 1907 1161 1857 1672 1566 1767 1604 1352 1205 1417 1550 1472 1145 1424 1970 1019 1230 1550 1140 1706 1763 1054 1558 1702 1959 1345 1230 1000 1269 1294 1610 1115 1493 1928 1888 1340 1105 1015 1801 1428 1836 1267 1589 1442 1692 1097 1048 1143 1878 1175 1704 1414 1910 BCNSPRNW ULIB Ver.6.0+V

เปลี่ยนเป็นภาษาไทย

Change to English
 แสดงรายละเอียดบรรณานุกรม
  กลับหน้าหลัก

Brief Record : Get Marc (ISO 2709) : E-mail record : QR code < ปิดหน้าต่าง
LEADER : 00000nam 2200000uu 4500
001    13399128576
003     ULIB
008    230912s2566||||th 000 0 tha d
020    ^a9789742992750
060  0 ^aWY20.55^bว539ก
100 0  ^aวิชัย โชควิวัฒน
245 00 ^aก่อนจะมาเป็นการวิจัยที่ถูกทำนองคลองธรรม/^cวิชัย โชควิวัฒน
250    ^aพิมพ์ครั้งที่ 1
260    ^aนนทบุรี:^bสำนักพัฒนาการคุ้มครองการวิจัยในมนุษย์ สถาบันวิจัยระบบสาธารณสุข,^c2566
650  0 ^aวิจัย -- จริยธรรม
650  0 ^aวิจัย -- มนุษย์
945    ^p0^l0^i010326
999    ^aประนอม เกษจรัล
รายการนี้ยังไม่มีแท็ก
คุณยังไม่ได้ล็อกอิน คุณสามารถมีกิจกรรมร่วมกับเว็บไซต์ได้ แต่ต้องล็อกอินก่อน ::
  ล็อกอิน

รายการสื่อสารสนเทศ

ลำดับที่ ประเภท เลขเรียก/บาร์โค้ด สถานที่ สถานะ
1. Book การพยาบาล
หนังสือสำรอง
สถานะ=หนังสือสำรอง
WY20.55 ว539ก ฉ.1 
  Barcode: 010326
ห้องสมุดวิทยาเขตสวรรค์ประชารักษ์
►หนังสือทั่วไป
บนชั้น

รายการใกล้เคียง
    ผู้แต่ง [วิชัย โชควิวัฒน]

BibComment


ยังไม่เคยถูกคอมเมนท์

คอมเมนท์ทรัพยากรรายการนี้
  คอมเมนท์: ก่อนจะมาเป็นการว..


 Copyright 2026. Bcnsprnw @Library